[Event "Hessen-ch U12"]
[Site "Bad Homburg"]
[Date "2013.??.??"]
[Round "4"]
[White "Meyer, Leonardo"]
[Black "Maar, Patricia"]
[Result "1-0"]
[WhiteElo "1015"]
[BlackElo "737"]
[PlyCount "91"]
[EventDate "2013.03.??"]
[EventType "swiss"]
[EventRounds "9"]
[EventCountry "GER"]
[SourceTitle "EXT 2014"]
[Source "ChessBase"]
[SourceDate "2013.11.20"]
[SourceVersion "1"]
[SourceVersionDate "2013.11.20"]
[SourceQuality "1"]

1. e4 e5 2. Nf3 Nc6 3. Bc4 Nf6 4. Ng5 d5 5. exd5 Bg4 6. f3 Qc8 7. dxc6 Bc5 8. fxg4 Nxg4 9. Nh3 0-0 10. Nc3 Qf5 11. Qe2 Qh5 12. d3 Qh4+ 13. Kd1 Nf2+ 14. Nxf2 Bxf2 15. g3 Qf6 16. Rf1 Rfe8 17. Rxf2 Qg6 18. Bxf7+ Qxf7 19. Rxf7 Kxf7 20. cxb7 Rab8 21. Qf3+ Kg8 22. Be3 Rf8 23. Qg2 Rxb7 24. Kd2 Rxb2 25. Rb1 Rbb8 26. Bxa7 Rbd8 27. Nd5 Rfe8 28. Nxc7 Re7 29. Qc6 e4 30. Qc4+ Kh8 31. Rb8 e3+ 32. Ke2 h6 33. Rxd8+ Kh7 34. Qe4+ Rxe4 35. dxe4 h5 36. Bxe3 h4 37. a4 g5 38. a5 hxg3 39. hxg3 g4 40. a6 Kg7 41. a7 Kf7 42. a8Q Ke7 43. Nd5+ Ke6 44. Qc6+ Kf7 45. Rd7+ Ke8 46. Qc8# 1-0

[Event "Hessen-ch U12"]
[Site "Bad Homburg"]
[Date "2013.??.??"]
[Round "3"]
[White "Wachsmann, Elmar"]
[Black "Meyer, Leonardo"]
[Result "1/2-1/2"]
[WhiteElo "758"]
[BlackElo "1015"]
[PlyCount "57"]
[EventDate "2013.03.??"]
[EventType "swiss"]
[EventRounds "9"]
[EventCountry "GER"]
[SourceTitle "EXT 2014"]
[Source "ChessBase"]
[SourceDate "2013.11.20"]
[SourceVersion "1"]
[SourceVersionDate "2013.11.20"]
[SourceQuality "1"]

1. d4 d5 2. c4 e6 3. Nf3 Nc6 4. Bf4 Nf6 5. e3 Bb4+ 6. Nc3 Ne4 7. Qb3 Bd7 8. a3 Ba5 9. Ne5 Bxc3+ 10. bxc3 b6 11. cxd5 exd5 12. Bb5 Nxe5 13. Bxe5 0-0 14. f3 Bxb5 15. fxe4 Bc4 16. Qa4 b5 17. Qb4 dxe4 18. a4 c6 19. Qc5 Qd5 20. Qxd5 Bxd5 21. axb5 cxb5 22. 0-0 Rac8 23. Ra5 Rxc3 24. Rxb5 Bc4 25. Rc5 Bxf1 26. Rxc3 Bd3 27. Ra3 a6 28. Bd6 Rd8 29. Bc5 1/2-1/2

[Event "Hessen-ch U12"]
[Site "Bad Homburg"]
[Date "2012.??.??"]
[Round "6"]
[White "Gerlach, Manuel"]
[Black "Meyer, Leonardo"]
[Result "0-1"]
[WhiteElo "853"]
[BlackElo "989"]
[PlyCount "146"]
[EventDate "2012.04.??"]
[EventType "swiss"]
[EventRounds "9"]
[EventCountry "GER"]
[SourceTitle "EXT 2015"]
[Source "ChessBase"]
[SourceDate "2014.11.20"]
[SourceVersion "1"]
[SourceVersionDate "2014.11.20"]
[SourceQuality "1"]

1. d4 d5 2. c4 e6 3. Nc3 Nf6 4. Bg5 Nc6 5. e3 h6 6. Bxf6 gxf6 7. Nf3 Bb4 8. Be2 Bxc3+ 9. bxc3 e5 10. cxd5 Qxd5 11. dxe5 Qxd1+ 12. Rxd1 fxe5 13. 0-0 Rg8 14. Bb5 Bh3 15. Nh4 Rg4 16. Be2 Rxh4 17. gxh3 Rxh3 18. Kg2 Rh4 19. Kg3 Re4 20. f3 Rxe3 21. Rd3 Rxe2 22. f4 e4 23. Rdd1 Ke7 24. Rfe1 Rg8+ 25. Kh3 Rgg2 26. Rxe2 Rxe2 27. Rb1 b6 28. a3 Re3+ 29. Kg4 Kf6 30. Rc1 Ne7 31. a4 Kg6 32. f5+ Nxf5 33. Kf4 f6 34. Rg1+ Kf7 35. Rd1 Ke6 36. c4 Re2 37. h3 Ng7 38. Rg1 Ne8 39. Rg6 Nd6 40. Rxh6 Nxc4 41. Rh7 Kd6 42. Rh6 e3 43. Rxf6+ Kd7 44. h4 Rf2+ 45. Kg5 Rxf6 46. Kxf6 e2 47. h5 e1Q 48. h6 Qh4+ 49. Kg7 Qxh6+ 50. Kxh6 Nd6 51. Kg5 c5 52. Kf4 Ke6 53. Ke3 Kd5 54. Kd3 c4+ 55. Kc3 Kc5 56. Kb2 Kb4 57. Kc2 Kxa4 58. Kc3 b5 59. Kd4 b4 60. Kc5 b3 61. Kxd6 b2 62. Kc5 c3 63. Kc4 c2 64. Kc3 c1Q+ 65. Kd3 b1R 66. Kd4 Rb3 67. Kd5 Rd3+ 68. Ke4 Rd8 69. Ke5 Qe1+ 70. Kf6 Rf8+ 71. Kg7 Rf2 72. Kg6 Qg1+ 73. Kh6 Rh2# 0-1

[Event "Hessen-ch U12"]
[Site "Bad Homburg"]
[Date "2012.??.??"]
[Round "9"]
[White "Meyer, Leonardo"]
[Black "Khani Alemouti, Elias"]
[Result "0-1"]
[WhiteElo "989"]
[BlackElo "1093"]
[PlyCount "86"]
[EventDate "2012.04.??"]
[EventType "swiss"]
[EventRounds "9"]
[EventCountry "GER"]
[SourceTitle "EXT 2015"]
[Source "ChessBase"]
[SourceDate "2014.11.20"]
[SourceVersion "1"]
[SourceVersionDate "2014.11.20"]
[SourceQuality "1"]

1. d4 d5 2. c4 e6 3. Nc3 Nf6 4. Bg5 Nbd7 5. e3 Be7 6. Nf3 h6 7. Bh4 g5 8. Bg3 Rg8 9. a3 Nb6 10. c5 Nbd7 11. Nb5 Kf8 12. Bxc7 Qe8 13. Bd6 Bxd6 14. Nxd6 Qd8 15. Bb5 Ne4 16. Ne5 Nxd6 17. cxd6 a6 18. Ba4 b5 19. Bb3 f6 20. Nc6 Qb6 21. Rc1 Bb7 22. Nb4 Qxd6 23. Qd3 f5 24. 0-0 h5 25. Bd1 g4 26. g3 Rh8 27. h4 gxh3 28. f4 Nf6 29. Bf3 Ng4 30. Rc2 h4 31. Bxg4 fxg4 32. Qg6 Rg8 33. Qh6+ Rg7 34. Qxh4 Kg8 35. f5 exf5 36. Rxf5 Rf8 37. Rg5 Bc8 38. Rxd5 Qe6 39. Re5 Qf7 40. Nd5 Qf1+ 41. Kh2 Rf2+ 42. Rxf2 Qxf2+ 43. Kh1 Qg2# 0-1

[Event "Hessen-ch U12"]
[Site "Bad Homburg"]
[Date "2012.??.??"]
[Round "7"]
[White "Meyer, Leonardo"]
[Black "Ternes, Sebastian"]
[Result "0-1"]
[WhiteElo "989"]
[BlackElo "903"]
[PlyCount "84"]
[EventDate "2012.04.??"]
[EventType "swiss"]
[EventRounds "9"]
[EventCountry "GER"]
[SourceTitle "EXT 2015"]
[Source "ChessBase"]
[SourceDate "2014.11.20"]
[SourceVersion "1"]
[SourceVersionDate "2014.11.20"]
[SourceQuality "1"]

1. d4 d5 2. c4 c6 3. Nc3 Nf6 4. Bg5 h6 5. Bh4 Bf5 6. e3 e6 7. Bd3 Be7 8. Bg3 Bxd3 9. Qxd3 Bb4 10. Nf3 Ne4 11. 0-0 Nxg3 12. fxg3 0-0 13. a3 Ba5 14. b4 Bc7 15. c5 b6 16. Rad1 Nd7 17. e4 dxe4 18. Nxe4 Qe7 19. Rc1 b5 20. Nfd2 Rad8 21. Nb3 Ne5 22. Qc3 Ng6 23. Nbd2 f5 24. Nf2 e5 25. Qb3+ Kh8 26. Rce1 Qf6 27. dxe5 Nxe5 28. Nf3 Nc4 29. a4 a6 30. axb5 axb5 31. Rd1 Ra8 32. Nd2 Ra3 33. Qc2 Ne3 34. Qc1 Rc3 35. Qb1 Nxd1 36. Qxd1 Ra3 37. Ng4 Qd4+ 38. Kh1 Kg8 39. Nf2 Rfa8 40. h3 Bxg3 41. Qf3 Rxf3 42. Nxf3 Qxb4 0-1

[Event "Hessen-ch U12"]
[Site "Bad Homburg"]
[Date "2012.??.??"]
[Round "2"]
[White "Schroeder, Janina"]
[Black "Meyer, Leonardo"]
[Result "1-0"]
[WhiteElo "1353"]
[BlackElo "989"]
[PlyCount "51"]
[EventDate "2012.04.??"]
[EventType "swiss"]
[EventRounds "9"]
[EventCountry "GER"]
[SourceTitle "EXT 2015"]
[Source "ChessBase"]
[SourceDate "2014.11.20"]
[SourceVersion "1"]
[SourceVersionDate "2014.11.20"]
[SourceQuality "1"]

1. e4 e5 2. Nf3 Nc6 3. Bb5 d6 4. h3 Nf6 5. 0-0 Nxe4 6. d4 f6 7. Re1 Bf5 8. Nh4 Qc8 9. d5 a6 10. Bd3 Nd4 11. c3 Bxh3 12. Bxe4 g5 13. cxd4 gxh4 14. Qh5+ Ke7 15. Qxh4 Qg4 16. Qxh3 Qxh3 17. gxh3 Rg8+ 18. Kh2 Kd7 19. Bxh7 Rg7 20. Bf5+ Ke7 21. dxe5 fxe5 22. Nc3 Kf6 23. Bg4 Be7 24. Be3 Rh8 25. Rg1 Kf7 26. Be6+ 1-0